000 00584nam a2200193Ia 4500
003 OSt
005 20230527123146.0
008 210423s1984 xx 000 0 und d
040 _cAL
082 _a323
_223
_bJOSD
100 _aJOSEPH (George Desnochers);JOHN (Baw).
_9115448
245 _aDevelopment human rights and action groups.
260 _aBangalore
_bCentr for social action
_c1984
365 _cINR
650 _aCivil & Political Rights
_9115449
650 _aPolitical Science
_9115450
906 _aaction ; Development ; groups. ; human ; rights
942 _2ddc
_cBK
999 _c174408
_d174408